Institvtio Elementorvm Ivris Natvralis in vsvm Gymnasiorvm et Scholarvm Grammaticarvm per regnvm Hvngariae et Privincias eidem adnexas

Bibliographic Details
Format: Book
Language:English
PhysicalDescription:68 s.
Published: Budae Typis Regiae Vniversitatis 1778

MARC

LEADER 00000nam a2200000 a 4500
001 vtls008627251
003 SK-MaSNL
005 20260223135639.0
008 060302 000 0 eng
040 |a SNK  |b slo  |c SNK  |e AACR2 
245 1 |a Institvtio Elementorvm Ivris Natvralis in vsvm Gymnasiorvm et Scholarvm Grammaticarvm per regnvm Hvngariae et Privincias eidem adnexas 
260 |a Budae  |b Typis Regiae Vniversitatis  |c 1778 
300 |a 68 s. 
999 |c 565604  |d 567534 
952 |a SNK  |b SNK  |y PREZ  |7 0  |p 17X08627251001  |o snkSD 12933  |i snk2674/57  |3 rekatalogizácia  |0 0  |1 0  |4 0  |d 2006-03-02  |l 0  |r 2026-02-23 13:56:39  |w 2026-02-23